Welcome to the Holygrace Academy Library

Please use search bar below to get started

CBSE CHAPTERWISE AND TOPICWISE SOLVED PAPERS ACCOUNTANCY (Record no. 7210)

MARC details
000 -LEADER
fixed length control field 00438nam a22001457a 4500
020 ## - INTERNATIONAL STANDARD BOOK NUMBER
ISBN 78987965386
082 ## - DEWEY DECIMAL CLASSIFICATION NUMBER
Classification number 657
Item number CBSE/A
100 ## - MAIN ENTRY--AUTHOR NAME
Personal name CBSE
245 ## - TITLE STATEMENT
Title CBSE CHAPTERWISE AND TOPICWISE SOLVED PAPERS ACCOUNTANCY
Remainder of title 2010-2018 FOR CLASS 12
260 ## - PUBLICATION, DISTRIBUTION, ETC. (IMPRINT)
Place of publication AGRA
Name of publisher OSWAAL BOOKS
Year of publication 2018
300 ## - PHYSICAL DESCRIPTION
Number of Pages 480
520 ## - SUMMARY, ETC.
Summary, etc PREVIOUS YEAR'S SOLVED PAPERS 2010-2018 WITH CBSE MARKING SCHEME ANWERS 2012-2017
650 ## - SUBJECT ADDED ENTRY--TOPICAL TERM
Topical Term COMMERCE
Geographic subdivision INDIA
942 ## - ADDED ENTRY ELEMENTS (KOHA)
Koha item type Books
Holdings
Withdrawn status Lost status Collection code Home library Current library Shelving location Date acquired Source of acquisition Cost, normal purchase price Full call number Accession Number Koha item type
    Reference Main Library Main Library SHELF 10 C PLUS 2 ACCOUNTANCY 21/10/2018 purchase 399.00 657 CBSE/A 21/10/2018 Books